000 00899 a2200253 4500
005 20080829123836.0
008 080908t xxu||||| |||| 00| 0 eng d
010 _aENG-90979
020 _a9788178803890
_c600.00
035 _aEN-74512
037 _bDBAD / PUB
040 _adpl
_bEnglish
082 _a375.001
100 _aShiv Sagar
245 _aCurriculum and instruction /
_cby Shiv Sagar
260 _aNew Delhi
_bRajat Publications
_c2008
270 _a4675/21, Ansari Raod, Darya Ganj,
_bNew Delhi
_e110002
300 _a232 p.
_c22 cm. (Hb)
500 _aIncludes bibliographical references and index
650 _aEducation
_xCurricula
650 _aTeaching
942 _adpl
_cEN
_2ddc
_mSHI
_h375.001
999 _c15406
_d15406